Základní konstrukční prvky. Seš. 5, Brzdy, spojky /

Main Author: Andrlík, Vladimír, 1955-
Corporate Author: České vysoké učení technické v Praze. Strojní fakulta
Other Authors: Stach, Eduard, Pospíchal, Jaroslav, 1951-
Language: Czech
Published: Praha : České vysoké učení technické, 1995
Edition: 1. vyd.
Physical Description: 40 s. : obr., tab., grafy ; 29 cm
Book
Saved in:
LEADER 01576nam a2200373 a 4500
001 000016574
003 CZ BrMZK
005 20190105162024.0
008 950101s1995 xr f cze d
015 |a cnb000090577 
020 |a 80-01-01246-8 
040 |a BOA001  |b cze 
080 |a 62-592(075.8)  |2 MRF 
080 |a 62-578(075.8)  |2 MRF 
100 1 |a Andrlík, Vladimír,  |d 1955-  |7 ntka171933  |4 aut 
245 1 0 |a Základní konstrukční prvky.  |n Seš. 5,  |p Brzdy, spojky /  |c Vladimír Andrlík, Jaroslav Pospíchal, Eduard Stach 
246 3 0 |a Brzdy, spojky 
250 |a 1. vyd. 
260 |a Praha :  |b České vysoké učení technické,  |c 1995 
300 |a 40 s. :  |b obr., tab., grafy ;  |c 29 cm 
500 |a Určeno pro posl. fak. stroj. 
653 0 |a brzdy  |a konstrukční prvky  |a spojky 
700 1 |a Stach, Eduard  |7 jx20080901015  |4 aut 
700 1 |a Pospíchal, Jaroslav,  |d 1951-  |7 jn20010309645  |4 aut 
710 2 |a České vysoké učení technické v Praze.  |b Strojní fakulta  |7 ko20010093670 
910 |a BOA001  |b X2-0987.994,5  |b TK-A-0252.002,5 
920 |a 000019804 
962 |a 62-5 
964 |a Brzdy  |x konstrukce  |x učebnice  |x školy vysoké 
964 |a Spojky  |x konstrukce  |x učebnice  |x školy vysoké 
990 |a BK 
996 6 |b 2610017276  |c X2-0987.994,5  |l MZK  |r Sklad / do 24 hodin  |n 21  |p p.v.  |w 000016574  |u 000010  |a 1  |e BOA001  |j MZK50  |s P 
996 7 |b 2620000196  |c TK-A-0252.002/5  |l MZK  |r Sklad / do 24 hodin  |n 18  |p kup  |w 000016574  |u 000020  |a 1  |e BOA001  |j MZK50  |s A 
996 7 |b 2620000197  |c TK-A-0252.002/5  |l MZK  |r Sklad / do 24 hodin  |n 4  |p kup  |w 000016574  |u 000030  |a 1  |e BOA001  |j MZK50  |s A